| 000 | 00798cam a22002895a 4500 | ||
|---|---|---|---|
| 001 | 15096632 | ||
| 003 | OSt | ||
| 005 | 20140310182013.0 | ||
| 008 | 071128s2007 wyu 000 0 eng | ||
| 010 | _a 2007942279 | ||
| 020 | _a0721407196 | ||
| 040 |
_aDLC _cDLC |
||
| 050 |
_aPL 4780.9 _b.D754 1982 |
||
| 082 |
_aKF _bD77h 1982 |
||
| 100 | 1 |
_aDoyle, Arthur Conan, _cSir, _d1859-1930. _96246 |
|
| 245 | 1 | 4 |
_aThe hound of Baskervilles / _cArthur Conan Doyle.retold by henry brook |
| 250 | _a1st ed. | ||
| 260 |
_aJackson Hole, WY : _bArcheion Press, LLC, _c2007. |
||
| 263 | _a0711 | ||
| 300 |
_ap. cm. _c18 |
||
| 526 | _c1090L to 1700L | ||
| 541 | _j1 | ||
| 562 | _e1 | ||
| 906 |
_a0 _bibc _corignew _d2 _eepcn _f20 _gy-gencatlg |
||
| 942 |
_2lcc _cBK-KF _kKF |
||
| 999 |
_c8180 _d8180 |
||